Evaluación rápida de la biodiversidad de los ecosistemas acuáticos en la confluencia de los ríos Orinoco y Ventuari, Estado Amazonas (Venezuela) / (Registro nro. 19998)
[ vista simple ]
| 000 -CABECERA | |
|---|---|
| Campo de control | 01334cam a2200301 i 4500 |
| 005 - FECHA Y HORA DE LA ULTIMA TRANSACCION | |
| Campo de control | 20180803170436.0 |
| 008 - ELEMENTOS DE LONGITUD FIJA—INFORMACION GENERAL | |
| Campo de control | 061207t20062006dcuado fr 000 0 spa d |
| 020 ## - ISBN | |
| ISBN | 1881173461 |
| 040 ## - FUENTE DE CATALOGACIÓN | |
| Agencia Modificadora | UkOxU |
| Agencia catalogadora original | CO-BoIAVH |
| Agencia transcriptora | CO-BoIAVH |
| 041 0# - IDIOMA | |
| Código de idioma para texto/pista de sonido o título separado | Español |
| 082 ## - NUMERO DE CLASIFICACION DECIMAL DEWEY | |
| Número de clasificación | 333.95098 |
| Número del ítem | L34e |
| 100 ## - ASIENTO PRINCIPAL--NOMBRE PERSONAL | |
| Nombre personal | Lasso, Carlos A. |
| Término relacionado | editor |
| 9 (RLIN) | 242 |
| 245 00 - MENCION DE TITULO | |
| Título | Evaluación rápida de la biodiversidad de los ecosistemas acuáticos en la confluencia de los ríos Orinoco y Ventuari, Estado Amazonas (Venezuela) / |
| Mención de responsabilidad | Carlos A. Lasso, Josefa Celsa Señaris, Leeanne E. Alonso y Ana Liz Flores (Editores) |
| 246 1# - FORMA VARIANTE DEL TITULO | |
| Título propiamente dicho/forma breve del título | Rapid Assessment Program = Programa de Evaluación Rápida |
| 260 ## - PUBLICACION, DISTRIBUCION, ETC. (PIE DE IMPRENTA) | |
| Lugar de publicación, distribución, etc. | Virginia: |
| Nombre del editor, distribuidor, etc. | Conservación Internacional, |
| Fecha de publicación, distribución, etc. | 2006. |
| 300 ## - DESCRIPCION FISICA | |
| Extensión | 240 páginas : |
| Otros detalles físicos | ilustraciones, gráficas y fotografías ; |
| Dimensiones | 28 x 22 cm |
| 490 ## - MENCION DE SERIE | |
| Mención de serie | Boletín RAP de evaluación biologica ; |
| -- | RAP bulletin of biological assessment ; |
| Designación numérica/secuencial del volumen | 30 |
| 650 26 - ASIENTO SECUNDARIO DE MATERIA - TERMINO TEMATICO | |
| Término temático o nombre geográfico como elemento de entrada | Ecología |
| Subdivisión geográfica | Amazonas (Venezuela) |
| 9 (RLIN) | 88093 |
| 650 26 - ASIENTO SECUNDARIO DE MATERIA - TERMINO TEMATICO | |
| Término temático o nombre geográfico como elemento de entrada | Conservación de ecosistemas |
| 9 (RLIN) | 100819 |
| 650 26 - ASIENTO SECUNDARIO DE MATERIA - TERMINO TEMATICO | |
| Término temático o nombre geográfico como elemento de entrada | Ecosistemas acuáticos |
| 9 (RLIN) | 92352 |
| 650 26 - ASIENTO SECUNDARIO DE MATERIA - TERMINO TEMATICO | |
| Término temático o nombre geográfico como elemento de entrada | Ornitofauna |
| 9 (RLIN) | 88096 |
| 650 26 - ASIENTO SECUNDARIO DE MATERIA - TERMINO TEMATICO | |
| Término temático o nombre geográfico como elemento de entrada | Herpetofauna |
| 9 (RLIN) | 4239 |
| 650 26 - ASIENTO SECUNDARIO DE MATERIA - TERMINO TEMATICO | |
| Término temático o nombre geográfico como elemento de entrada | Fauna acuática |
| 9 (RLIN) | 88097 |
| 700 1# - ASIENTO SECUNDARIO - NOMBRE PERSONAL | |
| Nombre personal | Señaris, Josefa Celsa, |
| Término de relación | editor. |
| 9 (RLIN) | 87375 |
| 700 1# - ASIENTO SECUNDARIO - NOMBRE PERSONAL | |
| Nombre personal | Alonso, Leeanne E. |
| Término de relación | editor. |
| 9 (RLIN) | 17775 |
| 700 1# - ASIENTO SECUNDARIO - NOMBRE PERSONAL | |
| Nombre personal | Flores, Ana Liz, |
| Término de relación | editor. |
| 9 (RLIN) | 12647 |
| 942 ## - ELEMENTOS ADICIONALES (KOHA) | |
| Sistema de clasificación | Dewey Decimal Classification |
| Tipo de ítem | Libro |
| Withdrawn status | Lost status | Sistema de Clasificación | Damaged status | No para préstamo | Colección | Ubicación Permanente | Ubicación actual | Fecha de adquisición | Total Checkouts | Número topográfico | Inventario / Código de Barras | Date last seen | Price effective from | Forma de adquisición | Tipo de material |
|---|---|---|---|---|---|---|---|---|---|---|---|---|---|---|---|
| Dewey Decimal Classification | General | Bogotá | Bogotá | 27/11/2017 | LB-333.95098 L34e | 043362 | 27/11/2017 | 27/11/2017 | Donación | Libro |